| 000 | 00443nam a2200193Ia 4500 | ||
|---|---|---|---|
| 003 | OSt | ||
| 005 | 20230922155538.0 | ||
| 008 | 210210b1949 xxu||||| |||| 00| 0 eng d | ||
| 040 | _cAL | ||
| 041 | _aeng | ||
| 082 | _a822/992 | ||
| 100 |
_aRAGHAVAN _9134797 |
||
| 245 | _aMany voices | ||
| 260 |
_aMadras _bAsian Books Pvt Ltd. _c1949 |
||
| 690 |
_aEnglish Prose _9134798 |
||
| 700 |
_aGANI _9134799 |
||
| 906 | _a013175 | ||
| 942 |
_2ddc _cBK |
||
| 999 |
_c132023 _d132023 |
||